000 02195nam0a2200397 4500
001 RU\NLR\bibl\970370
005 20250614211159.0
010 _a5-7237-0622-5
_9120
021 _aRU
_b2006-32860
_91642
035 _a(nilc)RSL-KNO-002893218
035 _a(NLR Aleph) 000958333
090 _a323434
_c323434
100 _a20060530d2005 |||y0rusy50 ca
101 0 _arus
102 _aRU
105 _ay |||||||||
106 _ar
200 1 _aМетодология управления технологической безопасностью непрерывных химико-технологических процессов на основе дискретных моделей
_fВ. Н. Богатиков, Б.В. Палюх, А.Е. Пророков, И.Б. Мартыненко
_gФедер. агентство по образованию Рос. Федерации, Новомоск. ин-т, Рос. хим.-технол. ун-т им. Д. И. Менделеева
210 _aНовомосковск
_cНовомоск. ин-т РХТУ
_d2005
215 _a187 с.
_cил., табл.
_d20
320 _aБиблиогр.: с. 183-187
606 1 _aХимические производства
_xНепрерывный метод
_xТехника безопасности
_92437240
_3RU\NLR\auth\661450212
610 0 _aХимическая технология. Химические производства -- Основные процессы и аппараты химической технологии -- Непрерывные процессы -- Техника безопасности
686 _aЛ110.1н6
_2rubbk
686 _aЛ11-630.2н6
701 1 _aБогатиков
_bВ. Н.
_gВалерий Николаевич
_4070
701 1 _aПалюх
_bБ. В.
_gБорис Васильевич
_4070
701 1 _aПророков
_bА. Е.
_gАнатолий Евгеньевич
_4070
701 1 _aМартыненко
_bИ. Б.
_gИрина Борисовна
_4070
801 0 _aRU
_bРКП
_c20060530
_grcr
801 1 _aRU
_bРГБ
_c20060530
801 2 _aRU
_bNLR
_c20060726
_grcr
830 _aпо кн
942 _cBOOK
980 _aNB